[Event "Novokuznetsk SFO-ch U15 Girls"]
[Site "Novokuznetsk"]
[Date "2014.11.09"]
[Round "8"]
[White "Schegoleva, Tamara"]
[Black "Schegoleva, Sofia"]
[Result "0-1"]
[WhiteElo "800"]
[BlackElo "800"]
[PlyCount "94"]
[EventDate "2014.11.02"]
[EventType "swiss"]
[EventRounds "9"]
[EventCountry "RUS"]
[SourceTitle "CBM 163 Extra"]
[Source "ChessBase"]
[SourceDate "2014.12.23"]
[SourceVersion "1"]
[SourceVersionDate "2014.12.23"]
[SourceQuality "1"]

1. d4 d5 2. Nf3 Nf6 3. Bf4 Bf5 4. e3 e6 5. Bd3 Ne4 6. c4 Bb4+ 7. Nbd2 Nxd2 8. Nxd2 Bxd3 9. a3 Bxd2+ 10. Qxd2 Bxc4 11. Rc1 Nc6 12. e4 0-0 13. Qe3 Ba6 14. Qg3 dxe4 15. Rd1 Qf6 16. h4 Qg6 17. Bg5 h6 18. Bf4 Qxg3 19. Bxg3 Rad8 20. Bxc7 Rxd4 21. Rxd4 Nxd4 22. Kd2 Rc8 23. Be5 Rd8 24. Ke3 Nf5+ 25. Kxe4 Bd3+ 26. Kf4 Rc8 27. b3 Bc2 28. g4 Ne7 29. Rh3 Ng6+ 30. Kg3 Nxe5 31. Kf4 Ng6+ 32. Kg3 Rc3+ 33. Kg2 Nf4+ 34. Kh2 Rxh3+ 35. Kg1 Rxh4 36. f3 Bxb3 37. Kf2 b5 38. Kg3 Ng6 39. Kf2 a5 40. Ke3 b4 41. axb4 axb4 42. Kd3 Bd1 43. Kc4 b3 44. Kc3 Rh2 45. Kb4 b2 46. Ka3 b1Q 47. f4 Qb2# 0-1